000
00326nam a22001337a 4500
008
171023b xxu||||| |||| 00| 0 eng d
020
_a
0471487695
041
_a
eng
080
_a
338
100
_a
54
101
_a
MEN
245
_a
MODERN METHODS FOR QUALITY CONTROL AND IMPROVEMENT
_c
HARRINSON.M.W
942
_2
udc
_c
BK
999
_c
35407
_d
35407